| 000 | 01803nam a2200349 i 4500 | ||
|---|---|---|---|
| 001 | 117615 | ||
| 003 | ES-MaACL | ||
| 005 | 20251215104834.0 | ||
| 008 | 211227s1982 sp a s001 0bspa | ||
| 020 | _a84-7075-249-9 | ||
| 080 | _a74/75 Murillo, Bartolomé Esteban (064.3) | ||
| 100 | 1 |
_aMurillo, Bartolomé Esteban, _d1617-1682 _984581 |
|
| 245 | 1 | 0 |
_aBartolomé Esteban Murillo, (1617-1682) : _b[exposición], Museo del Prado, Madrid, 8 de octubre-12 de diciembre 1982, Royal Academy of Arts, Londres, 15 de enero-27 de marzo 1983 / _c[comisario de la exposición en España, Manuela Mena Marqués ; dirección y coordinación del catálogo, Manuela Mena Marqués e Isabel de Alzaga]. |
| 260 |
_a[Madrid] : _bDirección General de Bellas Artes, Archivos y Bibliotecas : _bFundación Juan March, _c1982. |
||
| 300 |
_a318 p. : _bil. col. y n. ; _c28 cm. |
||
| 500 | _aÍndice disponible en Dialnet. | ||
| 500 | _aÍndices. | ||
| 504 | _aBibliografía: p. 305-310. | ||
| 600 | 1 | 4 |
_aMurillo, Bartolomé Esteban, _d1617-1682- _vExposiciones _9173938 |
| 655 | 7 |
_2tgfbne _9193628 _aCatálogos de exposiciones |
|
| 700 | 1 |
_aMena, Manuela. _980049 |
|
| 700 | 1 |
_aAlzaga, Isabel de. _9173939 |
|
| 710 | 2 |
_aMuseo Nacional del Prado. _9160001 |
|
| 710 | 1 |
_aEspaña. _bDirección General de Bellas Artes, Archivos y Bibliotecas. _93705 |
|
| 710 | 2 |
_aFundación Juan March _94346 |
|
| 852 | 4 |
_aES-MaACL _jA-14815 _9122007 _bR.153051 _cDEPO1 _dOlim: N-7815 _h Donación: Carlos D'Ors |
|
| 856 | 4 |
_uhttps://dialnet.unirioja.es/servlet/libro?codigo=565841&utm_source=catalogo.bne.es&utm_medium=libro&utm_campaign=Dialnet_Widgets _yÍndice (Dialnet) |
|
| 903 |
_987369 _aOrs Führer, Carlos d' _ednr |
||
| 942 |
_2udc _cMONOGRAFIA |
||
| 999 |
_c117615 _d117615 |
||